| 000 | 00358nam a22001457a 4500 | ||
|---|---|---|---|
| 999 |
_c8929 _d8929 |
||
| 003 | GBCCL | ||
| 005 | 20241126110701.0 | ||
| 008 | 220202b ||||| |||| 00| 0 eng d | ||
| 040 | _cgbc | ||
| 082 |
_aSOU MIS _b2021 |
||
| 245 | _aMissions mazap | ||
| 260 |
_aDorcas hall, New Lamka: _bMissions- Tuailai 2020, _c2021. |
||
| 300 | _a160p. ; | ||
| 942 |
_2ddc _cARCH |
||